Ruby Rogers Anlat Bana (Record no. 644913)

MARC details
000 -LEADER
sabit uzunluktaki kontrol alanı 00231nam a2200097Ia 4500
001 - KONTROL NUMARASI
kontrol alanı 644913
005 - EN SON İŞLEMİN TARİH VE ZAMANI
kontrol alanı 20250826153613.0
008 - SABİT-UZUNLUKTA VERİ ÖĞELERİ--GENEL BİLGİ
sabit uzunluktaki kontrol alanı 250824s9999 xx 000 0 und d
245 #0 - ESER / YAZAR
ESER ADI Ruby Rogers Anlat Bana
Yazar Adı Sue Limb
260 ## - YAYIN, DAĞITIM, VB.
YAYIN EVİ ALTIN
Holdings
Düşüm durumu Kayıp durumu Hasar Durumu Ödünç verilmez Ana kütüphane Geçerli Kütüphane Edinilen tarih Toplam ödünç verme sayısı Barkod Son görüntüleme tarihi Fiyatın geçerli olmaya başladığı tarih Koha materyal türü
        MUSTAFA BÜYÜKKAPLAN İMAM HATİP ORTAOKULU (ERKEK) MUSTAFA BÜYÜKKAPLAN İMAM HATİP ORTAOKULU (ERKEK) 24.08.2025   100514 26.08.2025 26.08.2025 Books